Principios de aprendizaje y conducta / (Record no. 89873)

MARC details
000 -CABECERA
campo de control de longitud fija 00669nam a2200229 a 4500
005 - FECHA Y HORA DE LA ÚLTIMA TRANSACCIÓN
campo de control 20240910064316.0
008 - ELEMENTOS DE LONGITUD FIJA--INFORMACIÓN GENERAL
campo de control de longitud fija 020517s1999 mx r 000 0 spa d
020 ## - NÚMERO INTERNACIONAL NORMALIZADO PARA LIBROS
Número Internacional Estándar del Libro 9687529733
035 ## - NÚMERO DE CONTROL DEL SISTEMA
Número de control de sistema UPN01000117337
049 ## - COLECCIÓN
Colección CG
050 #4 - SIGNATURA TOPOGRÁFICA DE LA BIBLIOTECA DEL CONGRESO
Número de clasificación BF317
Número de documento/Ítem D6.68a 1999
100 1# - ASIENTO PRINCIPAL--NOMBRE PERSONAL
Nombre de persona Domjan, Michael P.,
Fechas asociadas al nombre 1947-
9 (RLIN) 37224
245 10 - MENCIÓN DE TÍTULO
Título Principios de aprendizaje y conducta /
Mención de responsabilidad, etc. Michael Domjan; tr. Enrique Palos Báez
250 ## - MENCIÓN DE EDICIÓN
Mención de edición 4a. ed.
260 ## - PUBLICACIÓN, DISTRIBUCIÓN, ETC.
Lugar de publicación, distribución, etc. México :
Nombre del editor, distribuidor, etc. International Thomson,
Fecha de publicación, distribución, etc. c1999
300 ## - DESCRIPCIÓN FÍSICA
Extensión xxii, 435 p. :
Otras características físicas il., gráfs.
650 #4 - ASIENTO SECUNDARIO DE MATERIA - TERMINO TEMATICO
Término de materia o nombre geográfico como elemento de entrada Aprendizaje
9 (RLIN) 2861
650 #4 - ASIENTO SECUNDARIO DE MATERIA - TERMINO TEMATICO
Término de materia o nombre geográfico como elemento de entrada Conducta (Psicología)
9 (RLIN) 4460
901 ## - ELEMENTOS DE DATOS A LOCAL LDA (RLIN)
a 196134
902 ## - ELEMENTOS DE DATOS B LOCAL, LDB (RLIN)
Creó CAA/gsm
905 ## - TIPO DE MATERIAL
Tipo de material Libro
Holdings
Estado de retiro Estado de pérdida Fuente del sistema de clasificación o colocación Estado dañado No para préstamo Código de colección Localización permanente Ubicación/localización actual Ubicación en estantería Total de préstamos Clasificación Código de barras Fecha visto por última vez Número de copia Tipo de ítem Koha
    Library of Congress Classification     Colección General Bib. Gregorio Torres Quintero Bib. Gregorio Torres Quintero Planta baja 31 BF317 D6.68a 1999 196134 31/12/2020 1 Libro